The quay to successful construction (Record no. 117537)

MARC details
000 -LEADER
fixed length control field 01544cam a2200313 4500
001 - CONTROL NUMBER
control field ABS67895
008 - FIXED-LENGTH DATA ELEMENTS--GENERAL INFORMATION
fixed length control field 040617n2004 000 0 eng u
035 ## - SYSTEM CONTROL NUMBER
System control number (Sirsi) u126502
100 ## - MAIN ENTRY--PERSONAL NAME
Personal name Dobie, A.
245 #4 - TITLE STATEMENT
Title The quay to successful construction
260 ## - PUBLICATION, DISTRIBUTION, ETC.
Date of publication, distribution, etc. 2004
490 ## - SERIES STATEMENT
Series statement RICS Business
Volume/sequential designation June 2004, 24-26(3)
520 ## - SUMMARY, ETC.
Summary, etc. Charts in the first of three articles on the construction lifecycle, the hurdles a major construction project has to overcome before on-site work even commences, using the Discovery Dock scheme in London as a case study. Traces the tortuous route from the IRA bombing of South Quay in February 1996 through the planning of a variety of commercial and mixed-use schemes to the start of construction of the first residential block, due for completion in mid-2005. With further residential and office phases to be completed in 2006, a hotel yet to receive planning permission and three further redevelopments post-2007,years of pre-contract work remain to be done.
590 ## - LOCAL NOTE (RLIN)
Local note ABS
590 ## - LOCAL NOTE (RLIN)
Local note ABS
590 ## - LOCAL NOTE (RLIN)
Local note ABS
650 ## - SUBJECT ADDED ENTRY--TOPICAL TERM
Topical term or geographic name entry element MIXED-USE SCHEMES
650 ## - SUBJECT ADDED ENTRY--TOPICAL TERM
Topical term or geographic name entry element COMMERCIAL DEVELOPMENT
650 ## - SUBJECT ADDED ENTRY--TOPICAL TERM
Topical term or geographic name entry element REDEVELOPMENT
650 ## - SUBJECT ADDED ENTRY--TOPICAL TERM
Topical term or geographic name entry element MASTERPLANS
650 ## - SUBJECT ADDED ENTRY--TOPICAL TERM
Topical term or geographic name entry element PLANNING PERMISSION
650 ## - SUBJECT ADDED ENTRY--TOPICAL TERM
Topical term or geographic name entry element PRE-CONTRACT PRACTICE
650 ## - SUBJECT ADDED ENTRY--TOPICAL TERM
Topical term or geographic name entry element CONSTRUCTION LIFE CYCLE
650 ## - SUBJECT ADDED ENTRY--TOPICAL TERM
Topical term or geographic name entry element DISCOVERY DOCK
650 ## - SUBJECT ADDED ENTRY--TOPICAL TERM
Topical term or geographic name entry element LONDON
690 ## - LOCAL SUBJECT ADDED ENTRY--TOPICAL TERM (OCLC, RLIN)
Topical term or geographic name as entry element BUILDING AND CONSTRUCTION-PROJECTS
856 ## - ELECTRONIC LOCATION AND ACCESS
Uniform Resource Identifier <a href="https://www.rics.org/RICSWEB/getpage.aspx?p=YzW2sVldr06TI2ex-GEmVA">https://www.rics.org/RICSWEB/getpage.aspx?p=YzW2sVldr06TI2ex-GEmVA</a>
Public note View the article on the RICS website...
942 ## - ADDED ENTRY ELEMENTS (KOHA)
Suppress in OPAC 0
Holdings
Withdrawn status Lost status Source of classification or shelving scheme Damaged status Not for loan Home library Current library Shelving location Date acquired Total Checkouts Full call number Barcode Date last seen Copy number Price effective from Koha item type
    Dewey Decimal Classification     London London Journal article 17/06/2004   ABS67895 126502-1001 06/08/2019 1 06/08/2019 Journal article
    Dewey Decimal Classification     Virtual Virtual Online 06/07/2004   ONLINE PUBLICATION 126502-2001 06/08/2019 1 06/08/2019 Journal article